000 00672nam a22002177a 4500
008 160711b xxu||||| |||| 00| 0 eng d
020 _a0130890324
050 _aHF 5718 .C68 2000
100 _aBoone, Louis E.
_d2000
245 _aContemporary Business Communication
250 _aCanadian ed.
260 _aCanada
_bPrentice Hall
_c2000
300 _axix 650p;ill.
_bIncludes bibliographical refrences and index
650 _aBusiness communication
700 _aBoone, Louis E.
700 _aKurtz, David L.
700 _aBlock, Judy R.
700 _aKilgour, Edward
700 _aKilgour,Lauralee
942 _2lcc
_cBOOKS
_hHF 5718 .C68 2000
999 _c11609
_d11609